| 000 | 00414nam a2200145Ia 4500 | ||
|---|---|---|---|
| 008 | 220916s9999 xx 000 0 und d | ||
| 020 | _a9783642252396 | ||
| 100 | _aVOGEL, H. GERHARD AND MAAS, JOCHEN | ||
| 245 | 0 | _aDRUG DISCOVERY AND EVALUATION SAFETY AND PHARMACOKINETIC ASSAYS VOL-1 | |
| 250 | _a2ND | ||
| 260 |
_bSPRINGER REFERENCE, NEW YORK _c2013 |
||
| 300 | _a740 | ||
| 650 | _aPharmacology | ||
| 942 | _cBK | ||
| 999 |
_c89682 _d89682 |
||